000 00276nam a22001337a 4500
008 171031b xxu||||| |||| 00| 0 eng d
020 _a9780071476577
041 _aeng
080 _a33
100 _a58
101 _aBUS
245 _aCHINDIA
_cENGARDIO.P
942 _2udc
_cBK
999 _c36676
_d36676